000 00624 a2200217 4500
010 _aENG-85958
020 _a8120330641
_c295.00
035 _aEN-69491
037 _bD.B.Act / Pub
082 1 4 _a541.28
090 _c3882
_d3882
100 1 _aLevine, Ira A.
245 1 _aQuantum Chemistry
_cIra A. Levine
250 _a5th ed
260 _aNew Delhi
_bPrentice-Hall of India
_c2007
300 _ax, 739 p.
_c24 cm. (pbk)
500 _aIncludes index.
650 _aQuantum chemistry
942 _adpl
_cEN
_k541.28 / LEV
999 _c3803
_d3803